Normal view
MARC view
- التربية خاصة-أساليب تدريس. الأطفال المعوقون-تعليم
Entry Topical Term
001 - CONTROL NUMBER
- control field: 26139
003 - CONTROL NUMBER IDENTIFIER
- control field: JO-AjAnu
005 - DATE AND TIME OF LATEST TRANSACTION
- control field: 20230606074446.0
008 - FIXED-LENGTH DATA ELEMENTS
- fixed length control field: 230606|| aca||aabn | a|a d
040 ## - CATALOGING SOURCE
- Original cataloging agency: JO-AjAnu
- Transcribing agency: JO-AjAnu
150 ## - HEADING--TOPICAL TERM
- Topical term or geographic name entry element: التربية خاصة-أساليب تدريس. الأطفال المعوقون-تعليم
670 ## - SOURCE DATA FOUND
- Source citation: Work cat.: (JO-AjAnu)13434: النمر،عصام مؤلف/الكوفحي،تيسير م.مشارك, author 26138, مناهج وأساليب التدريس في التربية والتربية الخاصة